Medios de comunicación ¿esclavizan o liberan?: manual práctico para cursos de formación crítica en medios de comunicación social

Saved in:
Bibliografiske detaljer
Hovedforfatter: Damián, Juan (Author)
Format: Bog
Sprog:spansk
Udgivet: Buenos Aires Bonum 1976
Udgivelse:2a. ed
Fag:
Tags: Tilføj Tag
Ingen Tags, Vær først til at tagge denne postø!

MARC

LEADER 00000nam a2200000 a 4500
001 UCY9534
003 CL-VaPUC
008 950717e19760000AG |||||||||||||||||spa|d
082 0 4 |a 302.23  |b DAM  |2 21 
100 0 |a Damián, Juan  |e author  |9 341816 
245 1 0 |a Medios de comunicación ¿esclavizan o liberan?: manual práctico para cursos de formación crítica en medios de comunicación social 
250 |a 2a. ed 
300 |a 150 p 
942 |c BK 
945 |d 19950717 00:00:00  |a cmena 
260 |a Buenos Aires  |b Bonum  |c 1976 
650 0 |a Medios de comunicación de masas  |9 257273 
650 0 |a Comportamiento de masas   |9 334654 
650 0 |a Ciencias sociales  |v Investigación  |9 307767 
650 0 |a Métodos de investigación   |9 262618 
650 0 |a Prensa  |9 258117 
650 0 |a Televisión  |9 256845 
650 0 |a Radiodifusión  |9 308795 
650 0 |a Cine  |9 225706 
650 0 |a Publicidad  |9 314572 
650 0 |a Cultura de masas  |9 334655 
650 7 |a PERSUASION  |2 CL-VaPUC  |9 333321 
583 |a last modification  |c 19950717 00:00:00  |k Rodrigo Vera 
999 |c 236612  |d 236610 
952 |0 0  |1 0  |4 0  |6 302_230000000000000_DAM_1976  |7 0  |8 A  |9 244814  |a BIBEDU  |b BIBEDU  |d 2019-11-18  |i 153520K  |o 302.23 DAM 1976  |p 153520K  |r 2019-11-18  |w 2019-11-18  |y BK  |k EDU